Flags of Europe - 2:3 aspect ratio - Statistics

General Stats
  • This quiz has been taken 16 times
  • The average score is 7 of 14
Answer Stats
Answer % Correct
France
67%
Italy
67%
Portugal
67%
Spain
58%
Austria
42%
Czech Republic
42%
Greece
42%
Malta
42%
Romania
42%
Russia
42%
Serbia
42%
Netherlands
33%
Slovakia
33%
Ukraine
33%
No matching quizzes found
Score Distribution
Percent of People with Each Score
Percentile by Number Answered
Your Score History
You have not taken this quiz